Statistics for Highest Mountains in England

Click here to take the quiz!

General Stats

  • This quiz has been taken 465 times
    (218 since last reset)
  • The average score is 5 of 13

Answer Stats

No.Height (m)Height (ft)Name% Correct
2.9643,163Scafell
97%
3.9503,117Helvellyn
79%
1.9783,209Scafell Pike
77%
6.9313,054Skiddaw
56%
9.8992,949Great Gable
47%
8.9022,959Bowfell
33%
7.9102,986Great End
28%
11.8922,927Pillar
27%
10.8932,930Cross Fell
20%
5.9343,064Broad Crag
15%
4.9353,068Ill Crag
13%
13.8902,920Catstye Cam
11%
12.8912,923Nethermost Pike
11%

Score Distribution

Percentile by Number Answered

Percent of People with Each Score

Your Score History

You have not taken this quiz since the last reset